000 01088 a2200313 4500
999 _c4674
_d4674
020 _a9780857028501 (hbk.)
020 _a0857028502 (hbk.)
020 _a9780857028518 (pbk.)
020 _a0857028510 (pbk.)
050 0 0 _aLC1200
100 1 _aDevarakonda, Chandrika,
_eauthor.
245 1 0 _aDiversity & inclusion in early childhood :
_ban introduction /
_cChandrika Devarakonda.
264 1 _aLondon ;
_aLos Angeles :
_bThousand Oaks, Calif. ;
_aNew Delhi ;
_aSingapore :
_bSAGE,
_c2013.
264 4 _c♭2013
300 _ax, 189 pages :
_billustrations :
500 _aincludes index
504 _aIncludes bibliographical references and index.
650 0 _aInclusive education.
650 0 _aEarly childhood education.
650 0 _aSchool integration.
650 0 _aMulticultural education.
650 7 _aEarly childhood education.
650 7 _aInclusive education.
650 7 _aMulticultural education.
650 7 _aSchool integration.
942 _2lcc
_cBK
_h1200
_iDEV
_kc2013